Design studies
Αποθηκεύτηκε σε:
| Συγγραφή απο Οργανισμό/Αρχή: | |
|---|---|
| Μορφή: | Περιοδική έκδοση |
| Γλώσσα: | English |
| Δημοσίευση: |
Oxford :
Elsevier,
[1979-
|
| Θέματα: | |
| Ετικέτες: |
Προσθήκη ετικέτας
Δεν υπάρχουν, Καταχωρήστε ετικέτα πρώτοι!
|
MARC
| LEADER | 00000nas a2200000 i 4500 | ||
|---|---|---|---|
| 001 | 1/15014 | ||
| 008 | 001225c19799999uk eng d | ||
| 022 | |a 0142694X | ||
| 035 | |l 10065226 | ||
| 040 | |a GR-MY-UA |b gre |e aacr | ||
| 041 | 0 | |a eng |b eng | |
| 082 | 0 | |a 745.205 |2 (21) | |
| 245 | 1 | 0 | |a Design studies |h [περιοδικό] |
| 260 | |a Oxford : |b Elsevier, |c [1979- | ||
| 300 | |a τ.; |b εικ.; |c 25 εκ. | ||
| 310 | |a Διμηνιαίο, 1999- ; Τετραμηνιαίο, 1979-1998 | ||
| 500 | |a Στο εξώφυλλο: "The interanational journal for design research in engineering, architecture, products and systems" | ||
| 500 | |a Η περιγραφή βασίζεται σε: Vol. 21, no 1 (Jan. 2000) | ||
| 500 | |a Η αρίθμηση αρχίζει κάθε χρόνο με no 1 | ||
| 500 | |a Στην βιβλιοθήκη υπάρχουν: Vol. 21 no 1 (Jan. 2000) - Vol. 23 no 6 (Nov. 2002) | ||
| 650 | 0 | 0 | |a Architectural design |x Periodicals. |
| 650 | 0 | 0 | |a Architecture |x Research |x Periodicals. |
| 650 | 0 | 0 | |a Design |x Periodicals. |
| 710 | 1 | |a Design Research Society. | |
| 853 | |a INST |b SYROS |c SER | ||
| 922 | |a 5ΕΛΗ |b 200012 |c ΚΕΝΤΡΙΚΗ ΒΙΒΛΙΟΘΗΚΗ |d SWETS | ||
| 970 | |a ΚΟΝΤΟΥ |b ΠΑΡΑΣΚΕΥΗ |z 2000/12/20 | ||